000 00562cam a22002171 4500
001 af 47001691
003 DLC
005 20260227110809.0
008 841214s1944 fr 000 0 fre c
010 _aaf 47001691
035 _a(OCoLC)11495154
040 _aNew York Public Library
_cMCM
_dDLC
042 _apremarc
050 0 0 _aTL540.L33
_bL3
082 _a926.2913
100 1 _aLabric, Roger,
_d1893-
245 1 0 _aCarnet de vol.
260 _aParis,
_bÉditions du Pavois
_c[1944]
300 _a317 p.
_c19 cm.
600 1 0 _aLaurent, Pierre, 1896 or 7-
999 _c1349
_d1349